000 01156nam a22002417a 4500
005 2008070103563.0
008 080701t xxu||||| |||| 00| 0 hin d
010 _aHIN-83710
020 _a8181130286
_c100.00
035 _aHN-56056
037 _bDBAD / PUB
040 _aDPL
_bHN
082 _a500
100 _aसिन्हा, साधुशरण
245 _aइक्कीसवीं सदी का विज्ञान /
_cसाधुशरण सिन्हा
246 _aIkeesvi sadi ka vigyan
_bby Sadhusharan Sinha
260 _aदिल्ली
_bगंगा प्रकाशन
_c2007
270 _a518/6-बी, कड़कड़ी रोड, विश्वास नगर शाहदरा
_bदिल्ली
_e110032
300 _a96पृ
_c22सेमी(सजिल्द)
_bसचित्र
650 _aScience
942 _cHN
_2ddc
_h500
_mसिन्हासा
999 _c14166
_d14166